000 01116nam a22002297a 4500
003 OSt
005 20260124085945.0
008 230623b ||||| |||| 00| 0 eng d
040 _cSSBU
041 _ashan
082 _a895.8501
100 _aၵႂၢင်းသိူဝ်
_cၸဝ်ႈ
_926590
245 _aလိၵ်ႈသင်ႇသွၼ်ပွၼ်ႈဢွႆႇလေႃးႁၼီႇသုတ်ႈဢိၵ်ႇပႃးဢပုမ်ႇဢၢႆႈၸွၵ်ႇၸၢင်ႈပႅတ်ႉ
_cၸဝ်ႈၵႂၢင်ႈသိူဝ်၊ ၸဝ်ႈၼၼ်ႇတဝမ်ႇသ ၶပ်းၶိုင်-
260 _aတႃႈၵုင်ႈ
_bၵတ်း
_c2007
300 _aၵေႃ၊ 174 ၼႃႈ
_c21 ၸိၼ်ႇထီႇ
500 _aS-SAT: Dr. Prof Sai Aung Tun
500 _aပပ်ႉၸဝ်ႈတႃႇၼႁင်းၶေႃ တွၵ်ႇတိူဝ်ႇၸၢႆးဢွင်ႇထုၼ်းလူႇတၢၼ်းဝႆႉ
650 _aၶေႃႈသင်ႇသွၼ်
_925585
942 _cBK1
942 _2ddc
942 _2ddc
999 _c26207
_d26207